000 00279nam a22001217a 4500
040 _cHS
082 _a664
100 _aជ្រុន រិទ្ធី
245 _afood biochemistry
260 _aRUA
_bជ្រុន រិទ្ធី
_c2011
300 _a38p.
942 _cKB
999 _c8646
_d8646